Library Banner

Human geography : People, places, and change (Record no. 12063)

MARC details
000 -LEADER
fixed length control field 00404nam a2200169Ia 4500
001 - CONTROL NUMBER
control field 11154
008 - FIXED-LENGTH DATA ELEMENTS--GENERAL INFORMATION
fixed length control field 140331s9999 xx 000 0 und d
020 ## - INTERNATIONAL STANDARD BOOK NUMBER
International Standard Book Number 0-13-507179-8
040 ## - CATALOGING SOURCE
Transcribing agency PK-LaUMT
082 ## - DEWEY DECIMAL CLASSIFICATION NUMBER
Classification number R 304.2
Item number BEL-H
100 ## - MAIN ENTRY--PERSONAL NAME
Personal name Bell, Thomas L.
245 ## - TITLE STATEMENT
Title Human geography : People, places, and change
Statement of responsibility, etc Bell, Thomas L.
260 ## - PUBLICATION, DISTRIBUTION, ETC. (IMPRINT)
Date of publication, distribution, etc 1996
300 ## - PHYSICAL DESCRIPTION
Extent 389 p.
546 ## - LANGUAGE NOTE
Language note EN
942 ## - ADDED ENTRY ELEMENTS (KOHA)
Koha item type Books
Holdings
Withdrawn status Lost status Damaged status Not for loan Home library Current library Date acquired Total Checkouts Full call number Barcode Date last seen Date checked out Price effective from Koha item type
        UMT Main Campus UMT Main Campus 2014-03-31 1 R 304.2 BEL-H 12594 2015-12-17 2015-12-09 2014-04-21 Books